Estatuto tributario 2019 / (Registro nro. 19388)
[ vista simple ]
| 000 -LEADER | |
|---|---|
| fixed length control field | 02049nam a2200349 i 4500 |
| 005 - DATE AND TIME OF LATEST TRANSACTION | |
| control field | 20250331184429.0 |
| 007 - PHYSICAL DESCRIPTION FIXED FIELD--GENERAL INFORMATION | |
| fixed length control field | ta |
| 008 - FIXED-LENGTH DATA ELEMENTS--GENERAL INFORMATION | |
| fixed length control field | 170815s2019 ck ad gr 001 0 spa d |
| 020 ## - INTERNATIONAL STANDARD BOOK NUMBER | |
| International Standard Book Number | 9789587678246 |
| 040 ## - CATALOGING SOURCE | |
| Original cataloging agency | CO-CtgCURN |
| Language of cataloging | spa |
| Transcribing agency | coctgcurn |
| 041 0# - LANGUAGE CODE | |
| Language code of text/sound track or separate title | spa |
| 043 ## - GEOGRAPHIC AREA CODE | |
| Geographic area code | s-ck--- |
| 082 04 - DEWEY DECIMAL CLASSIFICATION NUMBER | |
| Classification number | 343.04 |
| Item number | C718 2019 |
| Edition information | 22 |
| 110 2# - MAIN ENTRY--CORPORATE NAME | |
| Corporate name or jurisdiction name as entry element | Colombia. Leyes, etc. |
| 240 00 - UNIFORM TITLE | |
| Uniform title | Leyes, etc |
| 245 10 - TITLE STATEMENT | |
| Title | Estatuto tributario 2019 / |
| Statement of responsibility, etc. | actualizada por Nubia Yomara Velandia Forero ; revision y redactor Edwin Mauricio Romero Alzate. |
| 250 ## - EDITION STATEMENT | |
| Edition statement | Vigesima sexta edición. |
| 260 ## - PUBLICATION, DISTRIBUTION, ETC. | |
| Place of publication, distribution, etc. | Bogota : |
| Name of publisher, distributor, etc. | Legis, |
| Date of publication, distribution, etc. | 2019. |
| 300 ## - PHYSICAL DESCRIPTION | |
| Extent | cxxxvi, 924 páginas : |
| Other physical details | ilustraciones y diagramas en blanco y negro ; |
| Dimensions | 24 cm. |
| 336 ## - CONTENT TYPE | |
| Content type term | texto |
| Content type code | txt |
| Source | rdacontent |
| 337 ## - MEDIA TYPE | |
| Media type term | sin mediación |
| Media type code | n |
| Source | rdamedia |
| 338 ## - CARRIER TYPE | |
| Carrier type term | volumen |
| Carrier type code | nc |
| Source | rdacarrier |
| 520 3# - SUMMARY, ETC. | |
| Summary, etc. | "Publicación que compila en orden cronolg̤ico las leyes y decretos vigentes sobre impuestos de carc̀ter nacional administrados por la DIAN expedidos desde 1930; contiene el DUR tributario actualizado (D.R. 1625/2016). Se destaca para esta edición la inclusin̤ de ms̀ de 20 decretos reglamentarios sobre la reforma tributaria del aǫ 2016 (Ley 1819), entre los que cabe mencionar los relacionados con: rentas cedulares para personas naturales, rǧimen tributario especial, conciliación fiscal y contable, precios de transferencia, Zomac, entre otros. Las normas se enriquecen con valores agregados como notas del editor de analisis de vigencia de las normas, referencias a NIF, concordancias, cuadros, valores de UVT reexpresados a pesos." |
| 500 ## - GENERAL NOTE | |
| General note | Incluye indice alfabético-informativo. |
| 650 14 - SUBJECT ADDED ENTRY--TOPICAL TERM | |
| Topical term or geographic name entry element | Derechos de autor y radiodifusión |
| Geographic subdivision | Colombia. |
| 650 14 - SUBJECT ADDED ENTRY--TOPICAL TERM | |
| Topical term or geographic name entry element | Impuestos |
| General subdivision | Legislación |
| Chronological subdivision | 2018 |
| Geographic subdivision | Colombia. |
| 650 14 - SUBJECT ADDED ENTRY--TOPICAL TERM | |
| Topical term or geographic name entry element | Reforma tributaria |
| Chronological subdivision | 2016 |
| Geographic subdivision | Colombia. |
| 700 1# - ADDED ENTRY--PERSONAL NAME | |
| Personal name | Velandia Forero, Nubia Yomara. |
| 700 1# - ADDED ENTRY--PERSONAL NAME | |
| Personal name | Romero Alzate, Edwin Mauricio, |
| Relator term | revisor, |
| -- | redactor. |
| 942 ## - ADDED ENTRY ELEMENTS (KOHA) | |
| Institution code [OBSOLETE] | BK |
| Koha item type | Libros |
| Classification part | 343.04 |
| Item part | C718 2019 |
| Source of classification or shelving scheme | Dewey Decimal Classification |
| Withdrawn status | Lost status | Source of classification or shelving scheme | Damaged status | Not for loan | Collection | Home library | Current library | Shelving location | Date acquired | Inventory number | Total checkouts | Full call number | Barcode | Date last seen | Copy number | Price effective from | Koha item type | Public note |
|---|---|---|---|---|---|---|---|---|---|---|---|---|---|---|---|---|---|---|
| Dewey Decimal Classification | General | Miguel Henríquez Castañeda | Miguel Henríquez Castañeda | General | 10/10/2019 | 022962 | 343.04 C718 2019 | 022962 | 03/31/2025 | ej.1 | 03/31/2025 | Libros | 340-DEREC |